A Book of Reading on Agricultural Development Policy and Administration in Nigeria (Record no. 3217)

MARC details
000 -LEADER
fixed length control field 00389nam a22001337a 4500
008 - FIXED-LENGTH DATA ELEMENTS--GENERAL INFORMATION
fixed length control field 250428b |||||||| |||| 00| 0 eng d
020 ## - INTERNATIONAL STANDARD BOOK NUMBER
ISBN 9783345435
100 ## - MAIN ENTRY--AUTHOR
Author PROF. Idachaba Francis
245 ## - TITLE STATEMENT
Title A Book of Reading on Agricultural Development Policy and Administration in Nigeria
260 ## - PUBLICATION, DISTRIBUTION, ETC. (IMPRINT)
Place of publication Ibadan
Name of publisher T.M.A. Publishers
Date of publication 2001
300 ## - COLLATION
Pagination 443p.
942 ## - ADDED ENTRY ELEMENTS (KOHA)
Item type Books
050 ## - LIBRARY OF CONGRESS CALL NUMBER
Classification number HD2145
Item number .A96
Holdings
Source of classification or shelving scheme Not for loan Permanent location Current location Date acquired Accession No. Full call number Barcode. Koha item type
Library of Congress Classification   Samuel Ogbemudia Main Library, University of Abuja Samuel Ogbemudia Main Library, University of Abuja 04/28/2025 2017/480804 HD2145.A96 2025-1662 Books